| 000 | 00775nam a2200217Ii 4500 | ||
|---|---|---|---|
| 003 | JO-AjNU | ||
| 008 | 230605s9999||||xx |||||||||||||| ||und|| | ||
| 020 | _a1-56564-285-6 | ||
| 040 |
_aJO-AjNU _bara _erda _cJO-AjNU |
||
| 041 | _aara | ||
| 050 | 1 | 4 | _aBP173.4.A197 2002 |
| 100 | 3 |
_aأبو سليمان، عبد الحميد أحمد, _eauthor _952559 |
|
| 245 | 0 | 0 | _aضرب المرأة: وسيلة لحل الخلافات الزوجية |
| 264 | 3 | 1 | _aفيرجينيا: المعهد العالمي للفكر الاسلامي، 2002 |
| 300 | _a31ص | ||
| 336 |
_atext _btxt _2rdacontent |
||
| 337 |
_aunmediated _bn _2rdamedia |
||
| 338 |
_avolume _bnc _2rdacarrier |
||
| 490 | 0 | _aسلسلة أبحاث علمية 17 | |
| 650 | 4 |
_aالعلاقات الاسرية _952560 |
|
| 999 |
_aA23290 _c26858 _d26858 |
||